Plants that belong to cypress family (Cupressaceae) - sudden death - Statistics

General Stats
  • This quiz has been taken 15 times
  • The average score is 3 of 13
Answers on the Grid
Answers color-coded by a green-red scale on the quiz's grid according to % correct below.
Mediterranean cypress
Aleppo pine
Common juniper
European silver fir
Douglas fir
Coastal redwood
Sago cycad
European spruce
Kashmir cypress
Golden larch
Libocedrus
Lebanese cedar
Gingko
Virginian juniper
Common yew
Dawn redwood
Hemlock tree (Tsuga)
Giant arbovitae
Coconut
Bald cypress (Taxodium)
Bunya-bunya
Arizona cypress
Stone pine
Washingtonia
Asunaro (Thujopsis)
Soft pine
Giant redwood
Taiwania
 
Answer Stats
Answer % Correct
Mediterranean cypress
89%
Kashmir cypress
78%
Common juniper
44%
Arizona cypress
33%
Bald cypress (Taxodium)
33%
Coastal redwood
33%
Giant redwood
11%
Libocedrus
11%
Asunaro (Thujopsis)
0%
Dawn redwood
0%
Giant arbovitae
0%
Taiwania
0%
Virginian juniper
0%
No matching quizzes found
Score Distribution
Percent of People with Each Score
Percentile by Number Answered
Your Score History
You have not taken this quiz